=LDR 00000nam 2200000 4500 =001 INLIS000000000033456 =005 20200304100818 =035 ##$$a 0010-061300000033456 =008 200304################g##########0#ind## =041 ##$$a ind =082 ##$$a 150.108 =090 ##$$a 150.108, Bal h =100 ##$$a Baldwom, James Mark =245 1#$$a History of psychology a sketch and an interpretation /$c James Mark Baldwin; Editor: Abdul Qodir Shaleh =260 ##$$a Jogjakarta :$b Prismasophie,$c 2007 =300 ##$$a 319 hlm ; $c 21 x 14 cm =650 #4$$a Psikologi - Sejarah =850 ##$$a NBPNMAT =020 ##$$a 979-25-4434-8 =084 ##$$a 150.108 BAL h =990 ##$$a 21005146 =990 ##$$a 21005147 =990 ##$$a 21005148